000 00293nam a22001337a 4500
008 171226b xxu||||| |||| 00| 0 eng d
020 _a9781111835477
041 _aeng
080 _a32
100 _a19
101 _aPOL
245 _aTHE CHALLENGE OF DEMOCRACY
_cJANDA,K
942 _2udc
_cBK
999 _c39403
_d39403